Fenicis i cartaginesos : Tanit d'Eivissa / M. Lluïsa Gutiérrez Tanit d'Eivissa / M. Lluïsa Gutiérrez
Publicado:
Barcelona :
Graó : Servei d'Ensenyament i Investigació de la Diputació de Barcelona ,
1991
Descripción Física:
64 p. : il. ; 20 x 21 cm
Colección:
Biblioteca de la classe ; 52
MARC
| LEADER | 00000nam a2200000Ia 4500 | ||
|---|---|---|---|
| 001 | 9618 | ||
| 008 | 160829s1991 xx 000 0 cat d | ||
| 080 | |a H-2-67 | ||
| 100 | |a Gutiérrez Medina, María Luisa |9 32209 | ||
| 245 | |a Fenicis i cartaginesos : |b Tanit d'Eivissa / M. Lluïsa Gutiérrez | ||
| 260 | |a Barcelona : |b Graó : |b Servei d'Ensenyament i Investigació de la Diputació de Barcelona, |c 1991 | ||
| 300 | |a 64 p. : |b il. ; |c 20 x 21 cm | ||
| 490 | |a Biblioteca de la classe ; 52 | ||
| 650 | |a Fenicis |9 32213 | ||
| 650 | |a Cartaginesos |9 32214 | ||
| 710 | 1 | |a Barcelona (Catalunya : Província). |b Servei d'Ensenyament i Investigació |9 54366 | |
| 901 | |a Arxiu | ||
| 942 | |n 1 | ||
| 952 | |0 0 |1 0 |4 0 |6 H267 |7 1 |9 45907 |a Arxiu |b Arxiu |d 2016-12-01 |l 0 |o H-2-67 |p 9618 |r 2016-12-01 00:00:00 |w 2016-12-01 |y ARXIU | ||
| 999 | |c 49408 |d 49408 | ||